<?xml version="1.0" encoding="UTF-8"?><?xml-stylesheet type="text/xsl" href="static/style.xsl"?><OAI-PMH xmlns="http://www.openarchives.org/OAI/2.0/" xmlns:xsi="http://www.w3.org/2001/XMLSchema-instance" xsi:schemaLocation="http://www.openarchives.org/OAI/2.0/ http://www.openarchives.org/OAI/2.0/OAI-PMH.xsd"><responseDate>2026-04-18T00:39:37Z</responseDate><request verb="GetRecord" identifier="oai:www.recercat.cat:20.500.12328/5245" metadataPrefix="marc">https://recercat.cat/oai/request</request><GetRecord><record><header><identifier>oai:recercat.cat:20.500.12328/5245</identifier><datestamp>2026-03-13T19:50:16Z</datestamp><setSpec>com_2072_67741</setSpec><setSpec>col_2072_484352</setSpec></header><metadata><record xmlns="http://www.loc.gov/MARC21/slim" xmlns:dcterms="http://purl.org/dc/terms/" xmlns:xsi="http://www.w3.org/2001/XMLSchema-instance" xmlns:doc="http://www.lyncode.com/xoai" xsi:schemaLocation="http://www.loc.gov/MARC21/slim http://www.loc.gov/standards/marcxml/schema/MARC21slim.xsd">
   <leader>00925njm 22002777a 4500</leader>
   <datafield ind2=" " ind1=" " tag="042">
      <subfield code="a">dc</subfield>
   </datafield>
   <datafield ind2=" " ind1=" " tag="720">
      <subfield code="a">Roviras Miñana, Jordi</subfield>
      <subfield code="e">author</subfield>
   </datafield>
   <datafield ind2=" " ind1=" " tag="720">
      <subfield code="a">Sarrablo Moreno, Vicente</subfield>
      <subfield code="e">author</subfield>
   </datafield>
   <datafield ind2=" " ind1=" " tag="720">
      <subfield code="a">Casariego Vales, Pedro</subfield>
      <subfield code="e">author</subfield>
   </datafield>
   <datafield ind2=" " ind1=" " tag="260">
      <subfield code="c">2026-03-11</subfield>
   </datafield>
   <datafield ind2=" " ind1=" " tag="520">
      <subfield code="a">Large-format thin ceramic panels are increasingly used in ventilated façade systems due&#xd;
to their reduced weight, high durability and architectural versatility. However, their&#xd;
reduced thickness and large dimensions require reliable anchoring solutions capable of&#xd;
safely transferring wind loads to the supporting structure. This study investigates the&#xd;
structural behaviour of a concealed mechanical anchoring system for large-format porcelain&#xd;
stoneware panels installed in ventilated façades. An experimental campaign was carried&#xd;
out using a full-scale façade prototype representative of real construction conditions. The&#xd;
specimen was subjected to incremental wind pressure and suction loading in a controlled&#xd;
laboratory environment while monitoring the deformation of the ceramic panels, backing&#xd;
support layer and aluminium substructure. The experimental results show that the ceramic&#xd;
panels exhibited stable structural behaviour without cracking or anchor pull-out under&#xd;
pressure levels up to 3006 Pa, exceeding twice the design service pressure. The maximum&#xd;
estimated deflection at the service pressure level (1300 Pa) was 5.7 mm, significantly below&#xd;
the admissible limit defined by the L/200 serviceability criterion. A simplified mechanical&#xd;
analysis based on classical bending theory confirmed that the stresses induced in the&#xd;
ceramic panels remained well below their flexural strength. The results demonstrate that&#xd;
the investigated concealed anchoring system provides reliable structural performance for&#xd;
large-format thin ceramic panels subjected to wind loading in ventilated façade systems,&#xd;
while the simplified analytical verification confirms the mechanical consistency between&#xd;
the measured deformation levels and the flexural capacity of the ceramic material.</subfield>
   </datafield>
   <datafield ind1="8" ind2=" " tag="024">
      <subfield code="a">Roviras Miñana, Jordi; Sarrablo Moreno, Vicente; Casariego Vales, Pedro. Experimental Evaluation of a Concealed Anchoring System for Large-Format Thin Ceramic Panels Under Wind Loading in Ventilated Façades. Materials, 2026, 19(6), 1062. Disponible en &lt;https://www.mdpi.com/3781072>. Fecha de acceso: 12 mar. 2026. DOI: 10.3390/ma19061062</subfield>
   </datafield>
   <datafield ind1="8" ind2=" " tag="024">
      <subfield code="a">1996-1944</subfield>
   </datafield>
   <datafield ind1="8" ind2=" " tag="024">
      <subfield code="a">https://hdl.handle.net/20.500.12328/5245</subfield>
   </datafield>
   <datafield ind1="8" ind2=" " tag="024">
      <subfield code="a">https://doi.org/10.3390/ma19061062</subfield>
   </datafield>
   <datafield tag="653" ind2=" " ind1=" ">
      <subfield code="a">Ventilated façades</subfield>
   </datafield>
   <datafield tag="653" ind2=" " ind1=" ">
      <subfield code="a">Large-format ceramic panels</subfield>
   </datafield>
   <datafield tag="653" ind2=" " ind1=" ">
      <subfield code="a">Concealed fixing systems</subfield>
   </datafield>
   <datafield tag="653" ind2=" " ind1=" ">
      <subfield code="a">Experimental testing</subfield>
   </datafield>
   <datafield tag="653" ind2=" " ind1=" ">
      <subfield code="a">Out-of-plane deformation</subfield>
   </datafield>
   <datafield tag="653" ind2=" " ind1=" ">
      <subfield code="a">Structural behavior</subfield>
   </datafield>
   <datafield tag="653" ind2=" " ind1=" ">
      <subfield code="a">Fachadas ventiladas</subfield>
   </datafield>
   <datafield tag="653" ind2=" " ind1=" ">
      <subfield code="a">Paneles cerámicos de gran formato</subfield>
   </datafield>
   <datafield tag="653" ind2=" " ind1=" ">
      <subfield code="a">Sistemas de fijación ocultos</subfield>
   </datafield>
   <datafield tag="653" ind2=" " ind1=" ">
      <subfield code="a">Ensayos experimentales</subfield>
   </datafield>
   <datafield tag="653" ind2=" " ind1=" ">
      <subfield code="a">Deformación fuera del plano</subfield>
   </datafield>
   <datafield tag="653" ind2=" " ind1=" ">
      <subfield code="a">Comportamiento estructural</subfield>
   </datafield>
   <datafield tag="653" ind2=" " ind1=" ">
      <subfield code="a">Fachadas ventilades</subfield>
   </datafield>
   <datafield tag="653" ind2=" " ind1=" ">
      <subfield code="a">Panells ceràmics de gran format</subfield>
   </datafield>
   <datafield tag="653" ind2=" " ind1=" ">
      <subfield code="a">Sistemes de fixació oculta</subfield>
   </datafield>
   <datafield tag="653" ind2=" " ind1=" ">
      <subfield code="a">Proves experimentals</subfield>
   </datafield>
   <datafield tag="653" ind2=" " ind1=" ">
      <subfield code="a">Deformació fóra de pla</subfield>
   </datafield>
   <datafield tag="653" ind2=" " ind1=" ">
      <subfield code="a">Comportament estructural</subfield>
   </datafield>
   <datafield ind2="0" ind1="0" tag="245">
      <subfield code="a">Experimental Evaluation of a Concealed Anchoring System for Large-Format Thin Ceramic Panels Under Wind Loading in Ventilated Façades</subfield>
   </datafield>
</record></metadata></record></GetRecord></OAI-PMH>